000 00900nam a22002057a 4500
005 20120210120044.0
020 _c75.00
_a9788189020897
082 _a
100 _aमरवाहा, माला
_941477
245 _aजादुई मर्तबान /
_cमाला मरवाहा
250 _a4था संस्क
260 _aनई दिल्ली
_bकथा वर्ल्ड लाइब्रेरी
_c2010
270 _aए-3 सर्वोदय एनक्लेव, श्री औरोबिन्दो मार्ग
_bनई दिल्ली
_e110017
300 _aअ.पृ.
_bसचित्र
_c22सेमी (अजिल्द)
700 _941293
700 _941305
700 _941360
942 _2ddc
_cCH
_h
_mमरवा
999 _c62478
_d62478